| 000 | 00454pab a2200181 454500 | ||
|---|---|---|---|
| 008 | 180718b2007 xxu||||| |||| 00| 0 eng d | ||
| 100 | _aRamesh P. | ||
| 245 | _aFood industry in India: a sunrise sector | ||
| 260 | _c2007 | ||
| 300 | _ap.74-81. | ||
| 362 | _aApr | ||
| 650 | _aIndia - Food industries | ||
| 650 | _aFood industry | ||
| 700 | _aMurughan M. | ||
| 773 | _aPrestige Journal of Management and Research | ||
| 908 | _aN | ||
| 909 | _a76151 | ||
| 999 |
_c76151 _d76151 |
||